000 01605nam a2200229Ia 4500
003 Ost
005 20260507075258.0
008 260507s9999||||xx |||||||||||||| ||und||
020 _a7962503977
040 _cfsecg
041 _aara
082 _a330
100 _aسالمان، عماد صفر
_eمؤلف
245 0 _aالاتجاهات الحديثة للتسويق :
_bمحور الاداء في الكيانات و الاندماجات الاقتصادية ، المدخل لتحقيق السوق العربية المشتركة /
_c عماد صفر سالمان
260 _aالاسكندرية:
_bمنشأة المعارف,
_c2005
300 _a250 صفحة؛
_bإيضاحات ؛
_c24 سم
520 _aالتسويق الدولي و دوره في الاسواق الدولية و الاتجاهات الحديثة للتسويق ، التسويق الالكتروني و التجارة الالكترونية كأداة تسويقية معاصرة مع التطرق الى مفهوم القدرة التنافسية و الميزة النسبية و مؤشرات القياس و كذلك القدرة التنافسية للمنظمات كأداة تسويقية و المتغيرات العالمية و التكتلات الاقليمية و أخيرا التطرق الى تأثير الاتجاهات الحديثة للتسويق و التكتلات و الاندماجات على السوق العربية المشتركة.
653 _aالتسويق
653 _aالتكامل الإقتصادي
653 _aالسوق العربية المشتركة
942 _cكتاب
999 _c43770
_d43770